<?xml version="1.0" encoding="UTF-8"?>
<record
    xmlns:xsi="http://www.w3.org/2001/XMLSchema-instance"
    xsi:schemaLocation="http://www.loc.gov/MARC21/slim http://www.loc.gov/standards/marcxml/schema/MARC21slim.xsd"
    xmlns="http://www.loc.gov/MARC21/slim">

  <leader>04116cam a2200349 a 4500</leader>
  <controlfield tag="001">14433641</controlfield>
  <controlfield tag="005">20170105102940.0</controlfield>
  <controlfield tag="008">060630s2006    nyuab    b    001 0 eng  </controlfield>
  <datafield tag="010" ind1=" " ind2=" ">
    <subfield code="a">  2006021673</subfield>
  </datafield>
  <datafield tag="020" ind1=" " ind2=" ">
    <subfield code="a">0810930951 (hardcover)</subfield>
  </datafield>
  <datafield tag="020" ind1=" " ind2=" ">
    <subfield code="a">9780810930957 (hardcover)</subfield>
  </datafield>
  <datafield tag="020" ind1=" " ind2=" ">
    <subfield code="a">0810993384 (pbk.)</subfield>
  </datafield>
  <datafield tag="020" ind1=" " ind2=" ">
    <subfield code="a">9780810993389 (pbk.)</subfield>
  </datafield>
  <datafield tag="035" ind1=" " ind2=" ">
    <subfield code="a">(OCoLC)70258916</subfield>
  </datafield>
  <datafield tag="040" ind1=" " ind2=" ">
    <subfield code="a">DLC</subfield>
    <subfield code="c">DLC</subfield>
    <subfield code="d">YDX</subfield>
    <subfield code="d">BAKER</subfield>
    <subfield code="d">GZM</subfield>
    <subfield code="d">VP@</subfield>
    <subfield code="d">BTCTA</subfield>
    <subfield code="d">YDXCP</subfield>
    <subfield code="d">OMB</subfield>
    <subfield code="d">GK8</subfield>
    <subfield code="d">OCLCQ</subfield>
    <subfield code="d">LMR</subfield>
    <subfield code="d">LVB</subfield>
    <subfield code="d">OMP</subfield>
    <subfield code="d">DLC</subfield>
  </datafield>
  <datafield tag="050" ind1="0" ind2="0">
    <subfield code="a">HC79.E5</subfield>
    <subfield code="b">W676 2006</subfield>
  </datafield>
  <datafield tag="082" ind1="0" ind2="0">
    <subfield code="a">333.7</subfield>
    <subfield code="2">22</subfield>
    <subfield code="b">WOR 2006</subfield>
  </datafield>
  <datafield tag="245" ind1="0" ind2="0">
    <subfield code="a">Worldchanging :</subfield>
    <subfield code="b">a user's guide for the 21st century /</subfield>
    <subfield code="c">edited by Alex Steffen ; foreword by Al Gore ; design by Sagmeister Inc.</subfield>
  </datafield>
  <datafield tag="246" ind1="3" ind2=" ">
    <subfield code="a">World changing</subfield>
  </datafield>
  <datafield tag="260" ind1=" " ind2=" ">
    <subfield code="a">New York :</subfield>
    <subfield code="b">Abrams,</subfield>
    <subfield code="c">2006.</subfield>
  </datafield>
  <datafield tag="300" ind1=" " ind2=" ">
    <subfield code="a">596 p. :</subfield>
    <subfield code="b">ill. (chiefly col.), col. map ;</subfield>
    <subfield code="c">25 cm.</subfield>
  </datafield>
  <datafield tag="504" ind1=" " ind2=" ">
    <subfield code="a">Includes bibliographical references (p. 538-546) and index.</subfield>
  </datafield>
  <datafield tag="505" ind1="0" ind2=" ">
    <subfield code="a">STUFF: Questioning consumption -- Consuming responsibly -- Understanding trade -- Creating healthy homes -- Doing the right thing can be delicious -- Buying better food everywhere -- Eating better meat and fish -- Preserving barnyard biodiversity -- Cars and fuel -- Bright green consumerism -- Designing a sustainable world -- Picking green materials -- Craft it yourself -- Engineer it yourself -- Art meets technology -- Biomimicry -- Nanotechnology -- Neobiological industry -- Knowing what's green -- Producer responsibility -- Collaborative design -- Open source -- Design for development -- Bright green computers -- SHELTERS: Green remodeling -- Building a green home -- Living well in a compact space -- Developing green housing -- Furniture and home decor -- Lighting -- Energy -- Using energy  efficiently -- Green power -- Going off the grid -- Smart grids -- Water -- Conserving water -- Thinking differently about water -- Landscaping -- EcoHouse Brazil -- Refugees -- Reinventing the refugee camp -- Transforming disaster relief -- Open-source humanitarian design -- Land mines -- Rethinking refugee reconstruction -- CITIES: The bright green city -- Vancouver -- Portland -- Retrofitting the suburbs -- Big green buildings and skyscrapers -- Healing polluted land -- Greening infrastructure -- Place-making -- Urban transportation -- Product-service systems -- Chinese cities of the future -- Lagos -- Megacity innovations -- The hidden vitality of slums -- Leapfrogging -- ICT4D -- Brazil's Telecentros -- Leapfrogging infrastructure -- COMMUNITY: Holistic problem solving -- Education and literacy -- Educating girls and empowering women -- Public health -- South-south science -- Copyfight -- Urban community development -- Community capital -- Microfinance -- Social entrepreneurship -- Giving well -- The barefoot college -- Travel and tourism -- Global culture -- BUSINESS: Your money -- Creating business value from sustainability -- Green marketing -- Brands -- Thriving in a bright green economy -- Seeing the big picture -- Start-up 101 -- POLITICS: Movement building -- Networking politics -- Amplifying your voice -- Connecting with others -- Tools for talking -- Demanding transparency -- Demanding human rights -- Watching the watchers -- Protest -- Direct action -- Nonviolent revolution -- Ending violence -- PLANET: Placing yourself -- Citizen science -- Restoration ecology -- Ecosystem services -- Biodiversity: how much nature is enough? Sustainable forestry -- Creating rural sustainability in the global south -- Future of the small town -- Local greenhouse forecast -- Climate foresight -- A personal action plan -- Mapping -- Charting the deep oceans -- Polar regions -- The solar system: greens in space -- Imagining the future.</subfield>
  </datafield>
  <datafield tag="650" ind1=" " ind2="0">
    <subfield code="a">Environmentalism.</subfield>
  </datafield>
  <datafield tag="650" ind1=" " ind2="0">
    <subfield code="a">Sustainable development.</subfield>
  </datafield>
  <datafield tag="650" ind1=" " ind2="0">
    <subfield code="a">Green movement.</subfield>
  </datafield>
  <datafield tag="700" ind1="1" ind2=" ">
    <subfield code="a">Steffen, Alex.</subfield>
  </datafield>
  <datafield tag="856" ind1="4" ind2="1">
    <subfield code="3">Table of contents only</subfield>
    <subfield code="u">http://www.loc.gov/catdir/toc/ecip0616/2006021673.html</subfield>
  </datafield>
  <datafield tag="906" ind1=" " ind2=" ">
    <subfield code="a">7</subfield>
    <subfield code="b">cbc</subfield>
    <subfield code="c">orignew</subfield>
    <subfield code="d">1</subfield>
    <subfield code="e">ecip</subfield>
    <subfield code="f">20</subfield>
    <subfield code="g">y-gencatlg</subfield>
  </datafield>
  <datafield tag="942" ind1=" " ind2=" ">
    <subfield code="2">ddc</subfield>
    <subfield code="c">BK</subfield>
  </datafield>
  <datafield tag="999" ind1=" " ind2=" ">
    <subfield code="c">16432</subfield>
    <subfield code="d">16432</subfield>
  </datafield>
  <datafield tag="952" ind1=" " ind2=" ">
    <subfield code="0">0</subfield>
    <subfield code="1">0</subfield>
    <subfield code="4">0</subfield>
    <subfield code="7">0</subfield>
    <subfield code="8">NFIC</subfield>
    <subfield code="a">CIPS</subfield>
    <subfield code="b">CIPS</subfield>
    <subfield code="c">GEN</subfield>
    <subfield code="d">2016-06-30</subfield>
    <subfield code="l">0</subfield>
    <subfield code="o">333.7 WOR 2006</subfield>
    <subfield code="p">CIPS0002859</subfield>
    <subfield code="r">2016-07-26</subfield>
    <subfield code="w">2016-07-26</subfield>
    <subfield code="y">BK</subfield>
  </datafield>
</record>
